000 00612nam a22002177a 4500
003 UA-OsUOA
001 111856
007 ta
008 20150608b un ||||| |||| 00| 0 ukr d
100 _aКолынько О.
090 _a82
_bК61
942 _cSA
040 _aUA-OsUOA
_bukr
_cUA-OsUOA
_dUA-OsUOA
245 _aНовела рубежу ХіХ - ХХ ст.: традиції жанру чи руйнування канону?
300 _aС.63-71
955 _a0
041 _aukr
080 _a82
773 0 _w111854
650 7 _a82 Література. Літературознавство
_2UDC
999 _c398102
_d398102